<?xml version="1.0" encoding="UTF-8"?>
<record
    xmlns:xsi="http://www.w3.org/2001/XMLSchema-instance"
    xsi:schemaLocation="http://www.loc.gov/MARC21/slim http://www.loc.gov/standards/marcxml/schema/MARC21slim.xsd"
    xmlns="http://www.loc.gov/MARC21/slim">

  <leader>00336nam a2200133Ia 4500</leader>
  <controlfield tag="008">220603s9999    xx            000 0 und d</controlfield>
  <datafield tag="020" ind1=" " ind2=" ">
    <subfield code="a">2320-1940</subfield>
  </datafield>
  <datafield tag="082" ind1=" " ind2=" ">
    <subfield code="b">GEO</subfield>
  </datafield>
  <datafield tag="100" ind1=" " ind2=" ">
    <subfield code="a">George Jeremy</subfield>
    <subfield code="9">93598</subfield>
  </datafield>
  <datafield tag="245" ind1=" " ind2=" ">
    <subfield code="a">IOSR Journal of Nursing and Health Sciences</subfield>
  </datafield>
  <datafield tag="260" ind1=" " ind2=" ">
    <subfield code="a">Gaziabad</subfield>
    <subfield code="b">IOSR Journals</subfield>
    <subfield code="c">2015</subfield>
  </datafield>
  <datafield tag="300" ind1=" " ind2=" ">
    <subfield code="a">62</subfield>
  </datafield>
  <datafield tag="365" ind1=" " ind2=" ">
    <subfield code="b">Rs.</subfield>
  </datafield>
  <datafield tag="999" ind1=" " ind2=" ">
    <subfield code="c">57881</subfield>
    <subfield code="d">57881</subfield>
  </datafield>
  <datafield tag="952" ind1=" " ind2=" ">
    <subfield code="0">0</subfield>
    <subfield code="1">0</subfield>
    <subfield code="4">0</subfield>
    <subfield code="7">0</subfield>
    <subfield code="a">BTIN</subfield>
    <subfield code="b">BTIN</subfield>
    <subfield code="d">2015-10-21</subfield>
    <subfield code="e">BTINE Teachers</subfield>
    <subfield code="g">600.00</subfield>
    <subfield code="l">0</subfield>
    <subfield code="o">GEO LI0002</subfield>
    <subfield code="p">BTIN-LI-2</subfield>
    <subfield code="r">2022-08-10 00:00:00</subfield>
    <subfield code="w">2022-08-10</subfield>
    <subfield code="y">LI</subfield>
    <subfield code="z">LI0002</subfield>
  </datafield>
  <datafield tag="952" ind1=" " ind2=" ">
    <subfield code="0">0</subfield>
    <subfield code="1">0</subfield>
    <subfield code="4">0</subfield>
    <subfield code="7">0</subfield>
    <subfield code="a">BTIN</subfield>
    <subfield code="b">BTIN</subfield>
    <subfield code="d">2017-02-18</subfield>
    <subfield code="e">Dr Meena Ganapathy</subfield>
    <subfield code="g">600.00</subfield>
    <subfield code="l">0</subfield>
    <subfield code="p">BTIN-LI-30</subfield>
    <subfield code="r">2022-08-10 00:00:00</subfield>
    <subfield code="w">2022-08-10</subfield>
    <subfield code="y">LI</subfield>
    <subfield code="z">LI0030</subfield>
  </datafield>
  <datafield tag="952" ind1=" " ind2=" ">
    <subfield code="0">0</subfield>
    <subfield code="1">0</subfield>
    <subfield code="4">0</subfield>
    <subfield code="7">0</subfield>
    <subfield code="a">BTIN</subfield>
    <subfield code="b">BTIN</subfield>
    <subfield code="d">2015-10-21</subfield>
    <subfield code="e">BTINE Teachers</subfield>
    <subfield code="g">600.00</subfield>
    <subfield code="l">0</subfield>
    <subfield code="o">GEO LI0003</subfield>
    <subfield code="p">BTIN-LI-3</subfield>
    <subfield code="r">2022-08-10 00:00:00</subfield>
    <subfield code="w">2022-08-10</subfield>
    <subfield code="y">LI</subfield>
    <subfield code="z">LI0003</subfield>
  </datafield>
  <datafield tag="952" ind1=" " ind2=" ">
    <subfield code="0">0</subfield>
    <subfield code="1">0</subfield>
    <subfield code="4">0</subfield>
    <subfield code="7">0</subfield>
    <subfield code="a">BTIN</subfield>
    <subfield code="b">BTIN</subfield>
    <subfield code="d">2018-05-02</subfield>
    <subfield code="e">Saurabh Pustak Bandhani Kendra</subfield>
    <subfield code="g">3600.00</subfield>
    <subfield code="l">0</subfield>
    <subfield code="o">GEO BV0724</subfield>
    <subfield code="p">BTIN-BV-724</subfield>
    <subfield code="r">2022-08-10 00:00:00</subfield>
    <subfield code="w">2022-08-10</subfield>
    <subfield code="y">BV</subfield>
    <subfield code="z">BV0724</subfield>
  </datafield>
  <datafield tag="952" ind1=" " ind2=" ">
    <subfield code="0">0</subfield>
    <subfield code="1">0</subfield>
    <subfield code="4">0</subfield>
    <subfield code="7">0</subfield>
    <subfield code="a">BTIN</subfield>
    <subfield code="b">BTIN</subfield>
    <subfield code="d">2021-02-12</subfield>
    <subfield code="e">Saurabh Pustak Bandhani Kendra</subfield>
    <subfield code="g">3600.00</subfield>
    <subfield code="l">0</subfield>
    <subfield code="p">BTIN-BV-776</subfield>
    <subfield code="r">2022-08-10 00:00:00</subfield>
    <subfield code="w">2022-08-10</subfield>
    <subfield code="y">BV</subfield>
    <subfield code="z">BV0776</subfield>
  </datafield>
  <datafield tag="952" ind1=" " ind2=" ">
    <subfield code="0">0</subfield>
    <subfield code="1">0</subfield>
    <subfield code="4">0</subfield>
    <subfield code="7">0</subfield>
    <subfield code="a">BTIN</subfield>
    <subfield code="b">BTIN</subfield>
    <subfield code="d">2022-03-28</subfield>
    <subfield code="e">Saurabha Pustak Bandhani Kendra</subfield>
    <subfield code="g">3600.00</subfield>
    <subfield code="l">0</subfield>
    <subfield code="o">GEO BV0801</subfield>
    <subfield code="p">BTIN-BV-801</subfield>
    <subfield code="r">2022-08-10 00:00:00</subfield>
    <subfield code="w">2022-08-10</subfield>
    <subfield code="y">BV</subfield>
    <subfield code="z">BV0801</subfield>
  </datafield>
</record>
